000 01181nam0a2200265 4500
001 RU\NLR\BIBL_A\022412794
005 20260405202642.0
035 _a(NLR Aleph) 022412794
090 _a13336118
_c13336118
100 _a20241216d1948 |||y0rusy50 ca
101 0 _aaze
_crus
102 _aAZ
105 _aa z 000 y
200 1 _aҺесаб мәсәләләри вә мисаллары
_eибтидаи мәктәбин 4-ҹү синфи үчүн
_fН.Н. Никитин, Г. Б. Поляк, Л. Н. Володина
205 _a3-ҹү чапы
210 _aБакы
_cАзәрнәшр
_d1948
215 _a154, [1] c.
_cил.
_d21
541 1 _aСборник арифметических задач и упражнений
_eдля 4-го кл. нач. шк.
_zrus
686 1 _aВ1я72
700 1 _8rus
_7ca
_aНикитин
_bН. Н.
_cканд. физ.-мат. наук
_gНиколай Никитич
_3RU\NLR\AUTH\7790105
_973032
701 1 _7ca
_8rus
_aПоляк
_bГ. Б.
_f1894-
_gГригорий Борисович
_9223415
_3RU\NLR\AUTH\770223471
701 1 _aВолодина
_bЛ.Н.
_gЛюдмила Николаевна
_4070
942 _cBOOK
980 _aNB